| 000 | 00643nam a2200205 u 4500 | ||
|---|---|---|---|
| 005 | 20240514063717.0 | ||
| 008 | 080523s2005 ag r 000 0 spa d | ||
| 020 | _a9501117898 | ||
| 035 | _aUPN01000156194 | ||
| 049 | _aI | ||
| 050 | 4 |
_aPZ78 _bM3.5 |
|
| 100 | 1 |
_aMaisner, Heather _936915 |
|
| 245 | 1 | 0 |
_aLlega el bebé / _cHeather Maisner ; tr. Pina Rodríguez ; il. Kristina Stephenson. |
| 260 |
_aBuenos Aires : _bSigmar, _cc2005. |
||
| 300 |
_a[24] p. : _bil. col. |
||
| 440 | 0 | _aQué me pasa | |
| 650 | 7 |
_aLiteratura infantil estadounidense _2 _99173 |
|
| 650 | 4 |
_aHermanos y hermanas _vLiteratura infantil _98964 |
|
| 905 | _aInfantil | ||
| 999 |
_c128308 _d128308 |
||